000
00348nam a2200157Ia 4500
008
210716s1997 xx 000 0 und d
020
_a
0380782413
041
_a
eng
082
_a
808.83 JOHJ
100
_a
Johnston, Joan.
245
_a
Heartbeat.
250
_a
1
260
_a
New York
_b
Avon Books
_c
1997
300
_a
368
650
_a
Novels
999
_c
200175
_d
200175